000 00747nam a2200193 i 4500
001 36539
003 ES-MaACL
005 20230906155405.0
007 t|
008 030218s1949 sp ||||1| spa d
100 1 _aBrañez Cepero, Enrique.
_931376
245 1 0 _aHistopatología experimental del sistema nervioso central en la encefalitis del Este /
_cpor Enrique Brañez Cepero.
260 _aMadrid :
_b[s.n.],
_c1949 (
_fTip. Artística)
300 _a111 p., 19 lám. :
_bil. ;
_c24 cm.
500 _aPrecede al tít.: Consejo Superior de Investigaciones Científicas. Instituto Santiago Ramón y Cajal.
650 4 _aSistema nervioso central-
_xEnfermedades.
_9165408
710 2 _aInstituto Cajal.
_9172571
852 _aES-MaACL
_j1914-F-11
999 _c36539
_d36539